<?xml version="1.0" encoding="UTF-8"?><?xml-stylesheet type="text/xsl" href="static/style.xsl"?><OAI-PMH xmlns="http://www.openarchives.org/OAI/2.0/" xmlns:xsi="http://www.w3.org/2001/XMLSchema-instance" xsi:schemaLocation="http://www.openarchives.org/OAI/2.0/ http://www.openarchives.org/OAI/2.0/OAI-PMH.xsd"><responseDate>2026-04-14T03:02:14Z</responseDate><request verb="GetRecord" identifier="oai:www.recercat.cat:20.500.14342/2440" metadataPrefix="marc">https://recercat.cat/oai/request</request><GetRecord><record><header><identifier>oai:recercat.cat:20.500.14342/2440</identifier><datestamp>2025-07-16T23:18:21Z</datestamp><setSpec>com_2072_482405</setSpec><setSpec>com_2072_183628</setSpec><setSpec>col_2072_482415</setSpec></header><metadata><record xmlns="http://www.loc.gov/MARC21/slim" xmlns:dcterms="http://purl.org/dc/terms/" xmlns:xsi="http://www.w3.org/2001/XMLSchema-instance" xmlns:doc="http://www.lyncode.com/xoai" xsi:schemaLocation="http://www.loc.gov/MARC21/slim http://www.loc.gov/standards/marcxml/schema/MARC21slim.xsd">
   <leader>00925njm 22002777a 4500</leader>
   <datafield ind2=" " ind1=" " tag="042">
      <subfield code="a">dc</subfield>
   </datafield>
   <datafield ind2=" " ind1=" " tag="720">
      <subfield code="a">Cabó Rodríguez, Joan</subfield>
      <subfield code="e">author</subfield>
   </datafield>
   <datafield ind2=" " ind1=" " tag="260">
      <subfield code="c">2013</subfield>
   </datafield>
   <datafield ind2=" " ind1=" " tag="520">
      <subfield code="a">En aquest article s'aborda la noció de creació des dels plantejaments de Martin Heidegger i George Steiner. Seguint les petjades heideggerianas en l'obra de Steiner, s'intenta posar en diàleg els dos autors a partir d'algunes de les seves obres fonamentals, i mostrant possibles connexions o divergències entre ells. Gramàtiques de la creació, de Steiner, constitueix el substrat que guia la major part de la reflexió. El treball s'ha estructurat en quatre parts i una conclusió, on s'estudien progressivament la noció de creació, els seus pressupostos teològics, la urgència moral de la pregunta per la creació i la possibilitat i el sentit de la creació en el nostre temps.</subfield>
   </datafield>
   <datafield ind1="8" ind2=" " tag="024">
      <subfield code="a">http://hdl.handle.net/20.500.14342/2440</subfield>
   </datafield>
   <datafield tag="653" ind2=" " ind1=" ">
      <subfield code="a">Martin Heidegger</subfield>
   </datafield>
   <datafield ind2="0" ind1="0" tag="245">
      <subfield code="a">La creación en el epílogo. Steiner y Heidegger</subfield>
   </datafield>
</record></metadata></record></GetRecord></OAI-PMH>